Manuel de Montsuar (1410-1491) / (Record no. 95360)

MARC details
000 -LEADER
campo de control de longitud fija 00767nam a2200205 i 4500
001 - NÚMERO DE CONTROL
campo de control 95360
003 - IDENTIFICADOR DE NÚMERO DE CONTROL
campo de control ES-MaACL
005 - FECHA Y HORA DE LA ÚLTIMA TRANSACCIÓN
campo de control 20250822063141.0
007 - CAMPO FIJO DE DESCRIPCIÓN FÍSICA--INFORMACIÓN GENERAL
campo de control de longitud fija t|
008 - DATOS DE LONGITUD FIJA--INFORMACIÓN GENERAL
campo de control de longitud fija 050526s1950 sp ||||1| spa d
100 1# - ENTRADA PRINCIPAL--NOMBRE DE PERSONA
Nombre de persona Lladonosa i Pujol, Josep,
Fechas asociadas al nombre 1907-1990
9 (RLIN) 72657
245 10 - MENCIÓN DEL TÍTULO
Título Manuel de Montsuar (1410-1491) /
Mención de responsabilidad, etc. José Lladonosa Pujol; prólogo del Dr. J. Ernesto Martínez Ferrando...
260 ## - PUBLICACIÓN, DISTRIBUCIÓN, ETC.
Lugar de publicación, distribución, etc. Lérida :
Nombre del editor, distribuidor, etc. Instituto de Estudios Ilerdenses,
Fecha de publicación, distribución, etc. 1950.
300 ## - DESCRIPCIÓN FÍSICA
Extensión LVI, 323 p., 3 h., 7 lám. :
Otras características físicas il. ;
Dimensiones 24 cm.
600 14 - PUNTO DE ACCESO ADICIONAL DE MATERIA--NOMBRE DE PERSONA
Nombre de persona Montsuar, Manuel de (
Fechas asociadas al nombre 1410-1491)
9 (RLIN) 168305
700 1# - ENTRADA AGREGADA--NOMBRE PERSONAL
Nombre de persona Martínez Ferrando, Ernest,
Fechas asociadas al nombre 1891-1965
9 (RLIN) 78083
710 2# - ENTRADA AGREGADA--NOMBRE DE ENTIDAD CORPORATIVA
Nombre de entidad corporativa o nombre de jurisdicción como elemento de entrada Instituto de Estudios Ilerdenses.
9 (RLIN) 4911
852 ## - LOCALIZACIÓN
Ubicación ES-MaACL
Número de control de estantería C-6390
Sublocalización o colección R.33060
Holdings
Estatus retirado Estado de pérdida Estado de daño No para préstamo Biblioteca de origen Biblioteca actual Ubicación en estantería Fecha de adquisición Fuente de adquisición Total de préstamos Signatura topográfica completa Código de barras Visto por última vez Precio de reemplazo Tipo de ítem Koha
        Biblioteca del Ateneo de Madrid Biblioteca del Ateneo de Madrid Sala Palomar 17/01/2008     C-6390 1099576 23/02/2023 23/02/2023 Libro impreso